000 004950000a22001930004500
005 20120302052823.0
942 _cBOOK
100 _a Graveson, R.H.
245 _a Examination notebook of the english legal system
260 _aLondon:
_bSweet and Maxwell,
_c1939
300 _aix,107p
040 _aENG
365 _bRs.
650 _aEducation
650 _aEnglish Legal System
650 _aSources-English Law
650 _aBranches-English Law
650 _aEnglish Judicial System
999 _c341171
_d341168